Bilingual education : (Record no. 5739)
[ view plain ]
| 000 -CABECERA | |
|---|---|
| campo de control de longitud fija | 00637nam a2200181 a 4500 |
| 005 - FECHA Y HORA DE LA ÚLTIMA TRANSACCIÓN | |
| campo de control | 20250115151520.0 |
| 008 - ELEMENTOS DE LONGITUD FIJA--INFORMACIÓN GENERAL | |
| campo de control de longitud fija | 991125s1993 ea 000 0 eng u |
| 035 ## - NÚMERO DE CONTROL DEL SISTEMA | |
| Número de control de sistema | UPN01000005739 |
| 049 ## - COLECCIÓN | |
| Colección | CG |
| 050 #4 - SIGNATURA TOPOGRÁFICA DE LA BIBLIOTECA DEL CONGRESO | |
| Número de clasificación | LB3701 |
| Número de documento/Ítem | B4.4 1993 |
| 245 00 - MENCIÓN DE TÍTULO | |
| Título | Bilingual education : |
| Resto del título | politics, practice, and research : ninety-second yearbook of the National Society for the Study of Education / |
| Mención de responsabilidad, etc. | ed. M. Beatriz Arias. |
| 260 ## - PUBLICACIÓN, DISTRIBUCIÓN, ETC. | |
| Lugar de publicación, distribución, etc. | Chicago [E.U.A.] : |
| Nombre del editor, distribuidor, etc. | NSSE, |
| Fecha de publicación, distribución, etc. | 1993. |
| 300 ## - DESCRIPCIÓN FÍSICA | |
| Extensión | 2 v. |
| 500 ## - NOTA GENERAL | |
| Nota general | La biblioteca tiene el v.2 |
| 650 #4 - ASIENTO SECUNDARIO DE MATERIA - TERMINO TEMATICO | |
| Término de materia o nombre geográfico como elemento de entrada | Educación bilingüe |
| Subdivisión geográfica | Estados Unidos |
| Subdivisión de forma | Anuarios |
| 9 (RLIN) | 15021 |
| 700 1# - ASIENTO SECUNDARIO--NOMBRE DE PERSONAL | |
| Nombre de persona | Arias, M. Beatriz, |
| Término indicativo de función/relación | ed. |
| 905 ## - TIPO DE MATERIAL | |
| Tipo de material | Libro |
| Estado de retiro | Estado de pérdida | Fuente del sistema de clasificación o colocación | Estado dañado | No para préstamo | Código de colección | Localización permanente | Ubicación/localización actual | Ubicación en estantería | Enumeración/cronología de publicación seriada | Total de préstamos | Clasificación | Código de barras | Fecha visto por última vez | Número de copia | Tipo de ítem Koha |
|---|---|---|---|---|---|---|---|---|---|---|---|---|---|---|---|
| Library of Congress Classification | Colección General | Bib. Gregorio Torres Quintero | Bib. Gregorio Torres Quintero | Planta baja | v.2 | 1 | LB3701 B4.4 1993 | 182482 | 31/12/2020 | 1 | Libro | ||||
| Library of Congress Classification | Colección General | Bib. Gregorio Torres Quintero | Bib. Gregorio Torres Quintero | Planta baja | v.2 | 1 | LB3701 B4.4 1993 | 182481 | 31/12/2020 | 1 | Libro |
